Beginning C: From Novice to Professional (Record no. 1553)

MARC details
000 -LEADER
Fixed length control field 00433nam a2200169 4500
003 - CONTROL NUMBER IDENTIFIER
Control field SEACOMEC
005 - DATE AND TIME OF LATEST TRANSACTION
Control field 20240809124404.0
008 - FIXED-LENGTH DATA ELEMENTS--GENERAL INFORMATION
Fixed length control field 240809b |||||||| |||| 00| 0 eng d
020 ## - INTERNATIONAL STANDARD BOOK NUMBER / ISBN
International Standard Book Number 9781430202431
Price 449.00
040 ## - CATALOGING SOURCE
Original cataloging agency SEACOMEC
082 ## - DEWEY DECIMAL CLASSIFICATION NUMBER
Classification number 006.113
Book Number H823
100 ## - MAIN ENTRY--PERSONAL NAME
Personal name Horton, Ivor
245 ## - TITLE STATEMENT
Title Beginning C: From Novice to Professional
Statement of responsibility Ivor Horton
260 ## - IMPRINT
Place of publication New Delhi
Name of publisher Springer
Date of publication 2007
300 ## - PHYSICAL DESCRIPTION
Page / Vol. No 614p
942 ## - ADDED ENTRY ELEMENTS (KOHA)
Koha item type Books
Holdings
Withdrawn status Lost status Source of classification Damaged status Not for loan Home library Current library Date acquired Total Checkouts Call number Accession number Date last seen Price effective from Koha item type Copy number
    Dewey Decimal Classification     SEACOM ENGINEERING COLLEGE SEACOM ENGINEERING COLLEGE 08/05/2007   006.113 H823 6649 09/08/2024 09/08/2024 Books  
    Dewey Decimal Classification     SEACOM ENGINEERING COLLEGE SEACOM ENGINEERING COLLEGE 08/05/2007   006.113 H823 6650 09/08/2024 09/08/2024 Books 1
    Dewey Decimal Classification     SEACOM ENGINEERING COLLEGE SEACOM ENGINEERING COLLEGE 08/05/2007   006.113 H823 6651 09/08/2024 09/08/2024 Books 2
© Seacom Engineering College, All rights reserved.      Powered by Koha